| 000 | 01379nam0a22003251 4500 | ||
|---|---|---|---|
| 001 | rc\3774268 | ||
| 005 | 20260407121209.0 | ||
| 021 |
_aRU _b[75-55859] |
||
| 035 | _a(NLR Aleph) 007227112 | ||
| 090 |
_a7715688 _c7715688 |
||
| 100 | _a20120127d1975 |||y0rusy50 ca | ||
| 101 | 0 | _arus | |
| 102 | _aRU | ||
| 105 | _ay z ||||| | ||
| 200 | 1 |
_aГуманизация общественных отношений и возрастание активности трудящихся _fПод ред. акад. К.П. Буслова _gАН БССР. Ин-т философии и права |
|
| 210 |
_aМинск _cНаука и техника _d1975 |
||
| 215 |
_a199 с. _d20 |
||
| 300 | _aНа 6-й с. авт.: К.П. Буслов, И.Я. Жибуль, А.Е. Чигирь и др. | ||
| 606 |
_aЛичность в социалистическом обществе _2psbo |
||
| 606 |
_aАктивность личности _2psbo |
||
| 606 |
_aСоциалистический гуманизм _2psbo |
||
| 701 | 1 |
_aЖибуль _bИ.Я. |
|
| 701 | 1 |
_aБуслов _bК.П. _gКазимир Павлович _4340 |
|
| 701 | 1 |
_aЧигирь _bА.Е. |
|
| 712 | 0 | 2 |
_aИнститут философии и права _cМинск _3RU\NLR\AUTH\889954932 _9405896 |
| 801 | 0 |
_aRU _bNLR _gpsbo |
|
| 801 | 1 |
_aRU _bELAR _2rusmarc |
|
| 852 |
_aNLR _j75-3/4393 |
||
| 942 | _cBOOK | ||
| 980 | _aNB | ||